MDQL
is popping MORE tags! Check the
thread
!
Quizzes
Events
Quiz Creation
Community
Videos
Private Events
Remove Ads
Sign In
Join for FREE
Feedback
Dark Mode
Quiz Categories
Sports
Geography
Music
Movies
Television
Just For Fun
Miscellaneous
History
Literature
Language
Science
Gaming
Entertainment
Religion
Holiday
For Kids
Quiz Lab
Recent
Popular Today
Quiz Kudos Today
Editor Picks
Curator Picks
Quizzes by...
Day
Popularity
Type
Ratings
Length
Year
Community
Subscriptions
Recent Discussions
Orange Saloon
Badges
Playlists
Quests
Create
Leaderboards
Showdown
Live 5
Trivia Bingo
Activity
Puzzle Library
Sporcle Events
Private Events
Virtual Trivia
Globe League
Become a Host
Pub Owners
SporcleCon
Opinionation
Our Games
Videos
Blog
Mobile Apps
Partnerships
Remove Ads and Go Orange
Feedback
Geography
Country
Landmarks
City
State
Population
World
Capital
Continent
Flags
Europe
Africa
Asia
South America
North America
Oceania
Border
Canada
United Kingdom
Topography
United States
Geography
Country
Landmarks
City
State
Population
World
Capital
Continent
Flags
Europe
Africa
Asia
South America
North America
Oceania
Border
Canada
United Kingdom
Topography
United States
Random Quiz
Search Sporcle
×
Quiz Lab
Quiz Lab
Geography
City
Type in answers that appear in a list
Type in answers that appear in a list
Classic
Best Score? Go Orange.
City Profile: Vancouver Stats
Can you name the facts about the city of Vancouver?
By
bac
5m
40 Questions
564 Plays
564 Plays
564 Plays
Comments
Comments
Give Quiz Kudos
Give Quiz Kudos
-
- Ratings
hide this ad
Replay
Link that replays current quiz
Next Quiz
Link to next quiz in quiz playlist
You Got
0%
They Got
Avg Score
58%
Avg Friend Score
Upgrade to see
Score Distribution
Jump to the score distribution portion of the page
Score
0/40
Timer
05:00
0
Plays Today
Category
Answer
% Correct
Country
Canada
99.8%
State or Province
British Columbia
99.1%
Closest ocean
Pacific Ocean
94.1%
NHL team
Vancouver Canucks
85.9%
Largest university
University of British Columbia
83.1%
Largest park
Stanley Park
81.3%
Olympic games (year, season)
2010 Winter Olympics
77.2%
CFL team
BC Lions
74.7%
International airport's 3-
letter code
YVR
73.3%
2nd largest university
Simon Fraser University
72.1%
Major river
Fraser River
71.4%
Rapid transit system
SkyTrain
70.3%
Major daily newspaper
Vancouver Sun
70.1%
Originally incorporated as (name)
Granville
69.4%
Nearby local ski mountain
Grouse Mountain
66.7%
NHL arena
Rogers Arena
65.7%
Former NBA team
Vancouver Grizzlies
65.1%
MLS stadium
Empire Field
63.9%
CFL stadium
Empire Field
63.9%
MLS team
Vancouver Whitecaps FC
62.1%
Category
Answer
% Correct
Science museum
Science World at Telus World of Science
61.4%
Famous downtown shopping street
Robson Street
59.3%
Nearby local ski mountain
Cypress Mountain
53.2%
Famous suspension bridge
Lion's Gate Bridge
52.8%
Famous public market
Granville Island Public Market
51.8%
World Expo
Expo '86
50.5%
Major daily newspaper
Vancouver Province
49.5%
Nearby local ski mountain
Mount Seymour
48.8%
Main cruise ship terminal
Canada Place
43.6%
Disaster in that same year
Great Fire of Vancouver
42.5%
Orchestra
Vancouver Symphony Orchestra
42.3%
Major downtown street leads to above park
Georgia Street
41.8%
Tallest building
Shangri-La Hotel
37.4%
He visited in 1792
Captain George Vancouver
35.4%
Any 1 of it 5 sister cities
Los Angeles, Guanzhou, Yokohama, Edinburgh, Odessa
31.9%
Incorporated as City of Vancouver (year)
1886
29%
Original name
Gastown
28.3%
Home of the orchestra
Orpheum Theatre
26.7%
Nearby major mountain range
Coast Mountain Range
21.4%
2nd tallest building
Sheraton Wall Centre
16.2%
Quiz Playlist
Details
Report
Send in Message
Add To Playlist
Classic:
Type in answers that appear in a list
Last Updated: Feb 16, 2017
Quiz Scoreboard
CHALLENGE
Sign Up to Join the Scoreboard
Show All
Scores
Hide
Comments
May contain spoilers
Recently Published
1-10 Letter E Words III
by El_Dandy
Language
2m
Street Fighter Characters
by Artimus82
Gaming
60s
College Basketball Coaching Resumes
by pancakes188
Sports
9m
More to Explore
Quiz From the Vault
Featured Blog Post
Where Did the Easter Bunny Come From?
hide this ad
You Might Also Like...
Tags
City Quiz
Category
profile
Vancouver
Today's Top Quizzes in Geography
Browse Geography
hide this ad
Today's Top Quizzes in City
Browse City
Top Contributed Quizzes in Geography
1
Countries of the World - No Outlines Minefield
2
Top 25 Cities of France on a map
3
Any capital of a 'B' country per Continent
4
Any capital of a 'C' country per Continent
5
Closest Countries to UK A-Z
6
Any capital of a 'D' country per Continent
7
5-to-1: US Geography No Hints
8
Any capital of an 'E' country per Continent
9
Find the US States - No Outlines
10
Any capital of an 'F' country per Continent
Explore More
Trending Topics
Kpop
Anime
Harry Potter
Disney
Crossword
NBA
Marvel
Pokémon
NFL
The Office
Puzzle
Country
WWE
Song
Soccer
hide this ad
More By:
bac
Quiz
Plays
Rating
Category
Featured
Created
South of the Equator Minefield
192,710
4.38
Geography
Jul 11, 2011
Countries Without SPORCLE
118,402
4.35
Geography
Oct 16, 2009
Gemini Astronauts
10,512
4.60
History
Oct 5, 2009
NHL Art Ross Trophy Winners (Clickable MINES)
8,707
1.92
Sports
Apr 7, 2012
Combination Lock: NASA Apollo Crews
4,978
4.49
Science
Jul 6, 2011
Go to Creator's Profile
Score Distribution
Quiz Creator Spotlight
bac
Follow
Send a Message
Quizzes Created
-
Created Quiz Play Count
-
More By This Creator
Popular Quizzes Today
1
Find the US States - No Outlines Minefield
2
Find the Countries of Europe - No Outlines Minefield
3
Find the US States
4
The Countries of the World
5
Risky Map Clicking: Biggest States A-Z
6
US States
7
Popular People in 1961
8
Movies - When Are They Set?
More Geography Quizzes
Longest Answer: European Countries
Quiz Lab
Trending Quizzes
Risky Map Clicking: Least Populous States A-Z
1-10 Letter G Words
Countries of the World: 200 Million BC
1-10 Letter F Words
Risky Map Clicking: Next State Alphabetically
Recently Updated
Largest US Cities 1790-2010
pecheneg
Rides in Walt Disney World
pecheneg
Most Oscar Losses (Acting)
pecheneg
Beyoncé Albums
pecheneg
Leaping Animals
pecheneg
Reality TV Shows (A-Z)
bhenderson79
Rickey Henderson's Hall of Fame Teammates
pecheneg
Champions League XIs: Arsenal
pecheneg
Quick Pick: Celebrities in WWE's Hall of Fame
aduchscher
A-Z Keypad Blitz II
pecheneg
Trending Topics
Disney
NBA
Harry Potter
Anime
Marvel
Crossword
Kpop
Puzzle
The Office
Soccer
Song
Pokémon
WWE
NFL
Country
Your Account Isn't Verified!
In order to create a playlist on Sporcle, you need to verify the email address you used during registration. Go to your
Sporcle Settings
to finish the process.
Report this User
Report this user for behavior that violates our
Community Guidelines
.
Details:
Send Report
Go to the Sporcle.com Mobile Site →
Comments